000 00293nam a2200121Ia 4500
005 20251222144847.0
008 251222s9999||||xx |||||||||||||| ||spa||
082 _a242.4/M26
100 _aMarmion, Don Columba
245 0 _aSufriendo con Cristo
264 _bDescleƩ De Brouwer
942 _cLIB
999 _c21467
_d21467